Counter Strike : Les 20 joueurs les plus titrés - Statistiques

Statistiques générales
  • Ce quiz a été pris 56 fois
    10 depuis la dernière actualisation
  • Le résultat moyen est 9 sur 20
Statistiques - réponses
Hint Réponse % Correct
41 apEx
90%
29 ZywOo
90%
32 dupreeh
80%
26 karrigan
80%
27 Magisk
80%
35 ropz
70%
30 dev1ce
60%
25 olofmeister
60%
22 NBK-
50%
23 GeT_RiGhT
40%
20 Twistzz
40%
23 f0rest
30%
22 KRIMZ
30%
23 flusha
20%
24 gla1ve
20%
23 JW
20%
20 rain
20%
28 Xyp9x
20%
22 friberg
10%
24 Xizt
10%
Aucun quiz correspondant
Distribution des résultats
% des personnes avec chaque résultat
Percentile par nombre de réponses
Votre historique - résultats
Vous n’avez pas pris ce quiz depuis la dernière actualisation